Rulers of Denmark - Statistics

General Stats
  • This quiz has been taken 28 times
  • The average score is 32 of 58
Answer Stats
Hint Answer % Correct
1523-1533 Frederick I
90%
1559-1588 Frederick II
90%
1648-1670 Frederick III
90%
1699-1730 Frederick IV
90%
1947-1972 Frederick IX
90%
1746-1766 Frederick V
90%
1808-1839 Frederick VI
90%
1848-1863 Frederick VII
90%
1906-1912 Frederick VIII
90%
2024- Frederick X
90%
1448-1481 Christian I
85%
1513-1523 Christian II
85%
1534-1559 Christian III
85%
1588-1648 Christian IV
85%
1863-1906 Christian IX
85%
1670-1699 Christian V
85%
1730-1746 Christian VI
85%
1766-1808 Christian VII
85%
1839-1848 Christian VIII
85%
1912-1947 Christian X
85%
1387-1412 Margaret I
75%
1035-1042 Cnut III
65%
1146-1157 Cnut V
65%
1170-1202 Cnut VI
65%
1376-1387 Olaf II
65%
1321-1326 Eric
65%
1329-1332 Eric
65%
1412-1439 Eric VII
65%
1481-1513 John
60%
1972-2024 Margrethe II
55%
1252-1259 Christopher I
50%
1320-1326 Christopher II
50%
1329-1332 Christopher II
50%
1440-1448 Christopher III
50%
1326-1329 Valdemar III
50%
936-964 Gorm the Old
45%
964-986 Harald I Bluetooth
40%
1250-1252 Abel
35%
1103-1134 Niels
35%
986-1014 Sweyn I Forkbeard
35%
1018-1035 Cnut II the Great
30%
1080-1086 Cnut IV the Holy
30%
1014-1018 Harald II Svendsen
30%
1047-1076 Sweyn II Estridsson
30%
1076-1080 Harald III the Soft
25%
1042-1047 Magnus the Good
25%
1146-1157 Sweyn III Grathe
25%
1154-1182 Valdemar I the Great
25%
1095-1103 Eric I Evergood
20%
1134-1137 Eric II the Memorable
20%
1232-1250 Eric IV Ploughpenny
20%
1259-1286 Eric V Klipping
20%
1086-1095 Olaf I Hunger
20%
1202-1241 Valdemar II the Victorious
20%
1215-1231 Valdemar the Young
20%
1137-1146 Eric III Lamb
15%
1340-1375 Valdemar IV Atterdag
15%
1286-1319 Eric VI Menfed
5%
No matching quizzes found
Score Distribution
Percent of People with Each Score
Percentile by Number Answered
Your Score History
You have not taken this quiz